Представление документа в формате MARC21

Поле Инд. ПП Название Значение
Тип записи a
Библиографический уровень a
001 Контрольный номер dc39f5c3844b4221848cc4c7ed5554f3
005 Дата корректировки 20220224154047.1
040 a Служба первич. каталог. НБ ТвГУ
b Код языка каталог. rus
e Правила каталог. PSBO
041 0_ a Код языка текста rus
097 b Оператор Komarova.ES
100 1_ a Автор Айрапетян Жирайр Сережаевич
q Полное имя Айрапетян Ж. С.
245 10 a Заглавие Метод максимального правдоподобия для обобщения нечетких множеств в таксономия
260 a Место издания Тверь
b Издательство Тверской государственный университет
504 a Библиография Библиогр.: с. 100 (4 назв.)
520 0_ a Аннотация В работе предлагается новый метод обобщения тематической текстовой коллекции, оснащенной таксономией предметной области. С помощью спектральных методов кластеризации из текстовой коллекции извлекаются нечеткие множества листьев таксономии, соответствующие понятиям, одновременно используемым в статьях коллекции. Эти нечеткие множества обобщаются путем их подъема в дереве таксономии с использованием критерия максимального правдоподобия. Оптимальный подъем подразумевает нахождение вершины или множества вершин в дереве таксономии, наиболее плотно покрывающих листовые понятия из обобщаемого множества. Наш метод включает два основных этапа: (1) извлечение кластеров из текстовой коллекции и (2) обобщение этих кластеров. В данной работе модернизируются оба этапа. Алгоритмы применены к структурному анализу и описанию текстовой коллекции из 17 тыс. аннотаций научных статей в области Наук о данных, опубликованных в журналах издательства Шпрингер. Таксономия Наук о данных, используемая в данной работе, является шестиуровневой иерархической таксономией, разработанной вручную международной Ассоциацией Вычислительной Техники и Вычислительных Систем (ACM-CSS [4]).
653 0_ a Ключевые слова Экономика
a Ключевые слова Высшая школа экономики
a Ключевые слова Алгоритмы
a Ключевые слова Иерархическая таксономия
a Ключевые слова Спектральная кластеризация
700 12 a Другие авторы Фролов Дмитрий Сергеевич
q Полное имя Фролов Д. С.
700 12 a Другие авторы Миркин Борис Григорьевич
q Полное имя Миркин Б. Г.
773 18 w Контрольный № источника f93cd7c2cffb4b90a02951ff508e955d
t Название источника Математические основы информатики и информационно-коммуникационных систем"
d Место и дата издания Тверь : Тверской государственный университет, 2021
g Прочая информация С. 96-101
856 40 u URL http://megapro.tversu.ru/megaPro/UserEntry?Action=FindDocs&ids=5455310
u URL http://texts.lib.tversu.ru/texts/151504t.pdf
x Примечание для ЭОР Справка УИС 2021
i Дата подключения ЭОР 20211224
901 t Тип документа a
920 a Оператор Кома
954 b Дата поступления в ОК 20211222